Building towards sustainability (Record no. 103334)

MARC details
000 -LEADER
fixed length control field 01231cam a2200217 4500
001 - CONTROL NUMBER
control field J125086
008 - FIXED-LENGTH DATA ELEMENTS--GENERAL INFORMATION
fixed length control field 040206n2004 000 0 eng u
035 ## - SYSTEM CONTROL NUMBER
System control number (Sirsi) u125086
041 ## - LANGUAGE CODE
Language code of text/sound track or separate title eng
110 ## - MAIN ENTRY--CORPORATE NAME
Corporate name or jurisdiction name as entry element World Wide Fund for Nature
9 (RLIN) 3148
245 ## - TITLE STATEMENT
Title Building towards sustainability
Remainder of title performance and progress among the UK's leading housebuilders
260 ## - PUBLICATION, DISTRIBUTION, ETC.
Place of publication, distribution, etc. Godalming
Name of publisher, distributor, etc. WWF
Date of publication, distribution, etc. 2004
520 ## - SUMMARY, ETC.
Summary, etc. A survey of the UK's largest listed house builders, commissioned by WWF, which examined how house building companies are adapting their business towards sustainability practices. The survey looks at the house builders' impact on the environment and society and considers factors such as governance, strategies and risk management. WWF found that some companies have already integrated sustainable practices into their governance, management resources, policies and operational performance. View at www.wwf.org.uk.
650 ## - SUBJECT ADDED ENTRY--TOPICAL TERM
Topical term or geographic name entry element SUSTAINABLE DEVELOPMENT
650 ## - SUBJECT ADDED ENTRY--TOPICAL TERM
Topical term or geographic name entry element HOUSE BUILDERS
650 ## - SUBJECT ADDED ENTRY--TOPICAL TERM
Topical term or geographic name entry element ENVIRONMENTAL IMPACT
650 ## - SUBJECT ADDED ENTRY--TOPICAL TERM
Topical term or geographic name entry element BUSINESS PRACTICES
690 ## - LOCAL SUBJECT ADDED ENTRY--TOPICAL TERM (OCLC, RLIN)
Topical term or geographic name as entry element BUILT ENVIRONMENT-SUSTAINABLE CONSTRUCTION
856 ## - ELECTRONIC LOCATION AND ACCESS
Uniform Resource Identifier <a href="https://www.wwf.org.uk/filelibrary/pdf/bts.pdf">https://www.wwf.org.uk/filelibrary/pdf/bts.pdf</a>
Public note View the report on the WWF website...
942 ## - ADDED ENTRY ELEMENTS (KOHA)
Suppress in OPAC 0
Holdings
Withdrawn status Lost status Source of classification or shelving scheme Damaged status Not for loan Home library Current library Shelving location Date acquired Total Checkouts Full call number Barcode Date last seen Copy number Price effective from Koha item type
    Dewey Decimal Classification     Virtual Virtual Online 09/02/2004   ONLINE PUBLICATION 125086-2001 06/08/2019 1 06/08/2019 Book